Normal view
MARC view
- علان، ضياء الدين حسين عبدالله
Entry Personal Name
001 - CONTROL NUMBER
- control field: 65687
003 - CONTROL NUMBER IDENTIFIER
- control field: JO-AjAnu
005 - DATE AND TIME OF LATEST TRANSACTION
- control field: 20240626115446.0
008 - FIXED-LENGTH DATA ELEMENTS
- fixed length control field: 240626|| aca||aabn | a|a d
040 ## - CATALOGING SOURCE
- Original cataloging agency: JO-AjAnu
100 ## - HEADING--PERSONAL NAME
- Personal name: علان، ضياء الدين حسين عبدالله
- Relator term: معد